000 00438nam a2200157 i 4500
001 68017
003 ES-MaACL
005 20230906170204.0
007 t|
008 040217s1961 sp ||||1| spa d
100 1 _aGandiagak, Vitoriano.
_953841
245 1 0 _aElorri /
_cAita Bitoriano Gandiagak.
260 _aOñate (Guipúzcoa) :
_bFranciscana Aranzazu,
_c[1961]
300 _a225 p. ;
_c21 cm.
852 _aES-MaACL
_jC-18694
_bR.50909
999 _c68017
_d68017